000 01481nam2a22002891 4500
001 rc\139190
005 20250612180632.0
010 _a5-7041-0052-X
035 _a(NLR Aleph) 008771006
090 _a7924033
_c7924033
100 _a20030307d1996 |||y0rusy50 ca
101 0 _arus
102 _aRU
105 _aa |||||||||
200 0 _aТ. 2
215 _a541, [2] с.
_cил.
327 1 _aСодерж.: Романы: Ведьмино логово; Череда самоубийств; Табакерка императора
461 0 _1001rc\139188
_12001#$aСобрание сочинений$eВ 3 т.$e[Пер. с англ.]$fДжон Диксон Карр$g[Ред. совет: Кузин В. Н. и др.$gВступ. ст. О. Алякринского$gХудож. Ким А.]$vТ. 2
_1700#1$aКарр$bД. Д.$gДжон Диксон$f1906-1977$3RU\NLR\AUTH\7712532
_97857986
_aКарр, Д.Д. (1906-1977)
_cМ.
_d1996
_fДжон Диксон Карр
_nПрибой
_oВ 3 т. : [Пер. с англ.]
_tСобрание сочинений
_vТ. 2
464 0 _12001#$aВедьмино логово
_tВедьмино логово
464 0 _12001#$aЧереда самоубийств
_tЧереда самоубийств
464 0 _12001#$aТабакерка императора
_tТабакерка императора
801 0 _aRU
_bNLR
_gpsbo
801 1 _aRU
_bELAR
_2rusmarc
852 _aNLR
_j96-3/3328
942 _cBOOK
980 _aNB